| 000 | 00870nam a22002177a 4500 | ||
|---|---|---|---|
| 999 |
_c503 _d503 |
||
| 003 | AR-CdUCM | ||
| 008 | 190223b ||||| |||| 00| 0 spa d | ||
| 040 |
_aMUNICIPALIDAD PROVINCIAL DEL CUSCO _cBIBLIOTECA MUNICIPAL DEL CUSCO |
||
| 082 |
_a985.0013 / _bR86 |
||
| 100 |
_aRouillón D., Guillermo _91957 |
||
| 245 |
_aLa creación heroica de José Carlos Mariátegui : _bLa edad de piedra 1894 - 1919 / |
||
| 260 |
_aLima : _bArica, _c1975 |
||
| 300 |
_a341 páginas ; _c20.5 cm. |
||
| 500 | _aDonación familia Nieto. | ||
| 505 | _aContenido: Los padres -- Un niño en busca de Dios -- El periodista que empezó de obrero -- ''La novela y la vida'' o en busca de si mismo -- Las primeras divagaciones socialistas | ||
| 650 |
_aBiografía _922 |
||
| 650 |
_aRevolucion de Octubre _91958 |
||
| 650 |
_aTestimonios _9915 |
||
| 942 |
_2ddc _cLIBROS |
||
| 945 |
_aafb _d2019-02-23 |
||